City to State Matching #2 - Statistics

General Stats
  • This quiz has been taken 264 times
  • The average score is 16 of 22
Answer Stats
Question Answer % Correct
Wichita Kansas
100%
Reno Nevada
100%
Las Cruces New Mexico
100%
Harrisburg Pennsylvania
100%
Lubbock Texas
92%
Billings Montana
85%
Bowling Green Kentucky
77%
Pawtucket Rhode Island
77%
Kenosha Wisconsin
77%
Oxnard California
69%
Wilmington Delaware
69%
Warren Michigan
69%
Hoboken New Jersey
69%
Alexandria Virginia
69%
Duluth Minnesota
62%
Independence Missouri
62%
Nashua New Hampshire
62%
Beaverton Oregon
62%
Joliet Illinois
54%
Grand Forks North Dakota
54%
Norman Oklahoma
54%
Hialeah Florida
38%
No matching quizzes found
Score Distribution
Percent of People with Each Score
Percentile by Number Answered
Your Score History
You have not taken this quiz